000 00382 a2200145 4500
001 169270
020 _a
040 _cMagnum
100 _aAgencia Regional de Noticias
240 1 0 _aClipping em educacao - 20/03/00 a 26/03/00 - ano i - nº 31
_lpor
245 1 0 _aClipping em educacao - 20/03/00 a 26/03/00 - ano i - nº 31
362 0 _a1899
697 _aENSINO
942 _cBK
999 _c169270
_d169270